| 000 | 00452nam a2200145 4500 | ||
|---|---|---|---|
| 999 |
_c511786 _d511786 |
||
| 008 | 191009b ||||| |||| 00| 0 eng d | ||
| 100 |
_aPoddar, Ganeshdatta _912085 |
||
| 245 | _aThe perils of religiosity as a plank of electoral politics in India | ||
| 260 | _bMainstream | ||
| 300 | _a57(39), 14 Sep, 2019: p.30-32. | ||
| 650 |
_aIndia - Politics and government _912086 |
||
| 773 | _aMainstream | ||
| 906 | _aElections - India | ||
| 942 |
_2ddc _cAR |
||